Pediatric secrets (Record no. 33415)

MARC details
000 -LEADER
fixed length control field 00473nam a2200193Ia 4500
020 ## - INTERNATIONAL STANDARD BOOK NUMBER
ISBN 1560534567
050 ## - CALL MARK
Classification number RJ 48.2 .P65/
100 ## - STATEMENT OF RESPONSIBILITY--MAIN AUTHOR NAME
Personal name Polin, Richard A.
245 #0 - TITLE STATEMENT
Title Pediatric secrets
250 ## - EDITION / VOLUME STATEMENT
Edition / Volume statement 3rd ed.
260 ## - PUBLICATION, DISTRIBUTION, ETC. (IMPRINT)
Place of publication Philadelphia
260 ## - PUBLICATION, DISTRIBUTION, ETC. (IMPRINT)
Name of publisher Hanley & Belfus, Inc.
260 ## - PUBLICATION, DISTRIBUTION, ETC. (IMPRINT)
Year of publication 2001
300 ## - PHYSICAL DESCRIPTION
Number of Pages 731 p
650 ## - SUBJECT ADDED ENTRY--TOPICAL TERM
Topical Term Pediatrics--Examinations, questions, etc.
942 ## - ADDED ENTRY ELEMENTS (KOHA)
Koha item type Books
Holdings
Withdrawn status Lost status Source of classification or shelving scheme Damaged status Not for loan Permanent Location Current Location Date acquired Accession Number Price effective from Koha item type
    Library of Congress Classification     NILE UNIVERSITY OF NIGERIA - MAIN LIBRARY NILE UNIVERSITY OF NIGERIA - MAIN LIBRARY 04/23/2025 0194473 04/23/2025 Books